000 00417nam a2200157Ia 4500
008 240729s9999 xx 000 0 und d
022 _a1757-9996
245 0 _aOral Health and Preventive Dentistry
260 _aGermany
260 _bQuintessenz Verlags-GmbH
650 _a Dentistry
650 _aMedicine
856 _uhttps://doaj.org/toc/4d748d3e33084b2c84849d17a12cd3db
942 _2ddc
942 _cDOAJEJ
999 _c66634
_d66634
945 _a1
_bMadushi Gamage
_c1
_dMadushi Gamage